000 00973nam a22002177a 4500
001 92
005 20250910104624.0
008 120925b xxu||||| |||| 00| 0 eng d
020 _a10:0-495-90709-x
040 _dBSULIB
082 _222
_a150
_bBER
100 _aBernstein, Douglas A
_9243
245 _aEssentials of Psychology/
250 _a5th Ed.
_bInternational Edition
260 _aAustralia:
_bWADSWORTH;
_c2011.
300 _axxvi597 Pgs
_c27 CM
505 _a--Introduction to the science of psychology --Biology and behavior --Sensation and perception --Consciousness --Learning --Memory --Thought, Language, and intelligence --Motivation and Emotion --Human development --Health, stress, and coping --Personality --Psychological disorders --Treatment of psychological disorders --Social psychology --Industrial and organizational psychology --Neuropsychology
650 _2Psychology
_aEssentials of Psychology
_9244
658 _aPsychology
942 _2ddc
_cRES
999 _c92
_d92